Organizational behavior: (Record no. 210276)
[ view plain ]
| 000 -LEADER | |
|---|---|
| fixed length control field | 00763nam a2200217Ia 4500 |
| 005 - DATE AND TIME OF LATEST TRANSACTION | |
| control field | 20220202145445.0 |
| 008 - FIXED-LENGTH DATA ELEMENTS--GENERAL INFORMATION | |
| fixed length control field | 210716s2017 xx 000 0 und d |
| 020 ## - INTERNATIONAL STANDARD BOOK NUMBER | |
| International Standard Book Number | 9788131533352 |
| 040 ## - CATALOGING SOURCE | |
| Transcribing agency | AIMIT LIBRARY |
| 041 ## - LANGUAGE CODE | |
| Language code of text/sound track or separate title | eng |
| 082 ## - DEWEY DECIMAL CLASSIFICATION NUMBER | |
| Classification number | 658.4 |
| Edition number | 11 |
| Item number | GRIR |
| 100 ## - MAIN ENTRY--PERSONAL NAME | |
| Personal name | Griffin, Ricky W. |
| 9 (RLIN) | 15901 |
| 245 ## - TITLE STATEMENT | |
| Title | Organizational behavior: |
| Remainder of title | managing people and organizations / |
| Statement of responsibility, etc. | By Ricky W. Griffin and Gregory Moorhead. |
| 250 ## - EDITION STATEMENT | |
| Edition statement | 11th ed. |
| 260 ## - PUBLICATION, DISTRIBUTION, ETC. | |
| Place of publication, distribution, etc. | New Delhi : |
| Name of publisher, distributor, etc. | Cengage Learning India Pvt Ltd ; |
| Date of publication, distribution, etc. | 2017. |
| 300 ## - PHYSICAL DESCRIPTION | |
| Extent | Xxv, 598p. ; |
| Dimensions | 25.5 cm. |
| 650 ## - SUBJECT ADDED ENTRY--TOPICAL TERM | |
| Topical term or geographic name entry element | Interpersonal processes in organizations |
| 9 (RLIN) | 15902 |
| 650 ## - SUBJECT ADDED ENTRY--TOPICAL TERM | |
| Topical term or geographic name entry element | Organizational processes and characteristics |
| 9 (RLIN) | 15903 |
| 700 ## - ADDED ENTRY--PERSONAL NAME | |
| Personal name | Moorhead, Gregory. |
| 9 (RLIN) | 15904 |
| 942 ## - ADDED ENTRY ELEMENTS (KOHA) | |
| Source of classification or shelving scheme | Dewey Decimal Classification |
| Koha item type | Book |
| Edition | 11th |
| Call number prefix | 658.4 GRIR |
| Withdrawn status | Lost status | Source of classification or shelving scheme | Damaged status | Not for loan | Collection code | Home library | Current library | Date acquired | Cost, normal purchase price | Inventory number | Total Checkouts | Full call number | Barcode | Date last seen | Cost, replacement price | Price effective from | Koha item type |
|---|---|---|---|---|---|---|---|---|---|---|---|---|---|---|---|---|---|
| Dewey Decimal Classification | MBA | St Aloysius Institute of Management & Information Technology | St Aloysius Institute of Management & Information Technology | 11/04/2017 | 725.00 | Bill no:331; Bill dt:2017-10-30 | 658.4 GRIR | MBA12844 | 05/23/2026 | 580.00 | 07/16/2021 | Book | |||||
| Dewey Decimal Classification | MBA | St Aloysius Institute of Management & Information Technology | St Aloysius Institute of Management & Information Technology | 11/04/2017 | 725.00 | Bill no:331; Bill dt:2017-10-30 | 658.4 GRIR | MBA12845 | 05/23/2026 | 580.00 | 07/16/2021 | Book | |||||
| Dewey Decimal Classification | MBA | St Aloysius Institute of Management & Information Technology | St Aloysius Institute of Management & Information Technology | 11/04/2017 | 725.00 | Bill no:331; Bill dt:2017-10-30 | 658.4 GRIR | MBA12846 | 05/23/2026 | 580.00 | 07/16/2021 | Book | |||||
| Dewey Decimal Classification | MBA | St Aloysius Institute of Management & Information Technology | St Aloysius Institute of Management & Information Technology | 11/04/2017 | 725.00 | Bill no:331; Bill dt:2017-10-30 | 658.4 GRIR | MBA12847 | 05/23/2026 | 580.00 | 07/16/2021 | Book | |||||
| Dewey Decimal Classification | MBA | St Aloysius Institute of Management & Information Technology | St Aloysius Institute of Management & Information Technology | 11/04/2017 | 725.00 | Bill no:331; Bill dt:2017-10-30 | 658.4 GRIR | MBA12848 | 05/23/2026 | 580.00 | 07/16/2021 | Book |